000 00601nam a22001937a 4500
003 OSt
005 20231116101312.0
008 231116b |||||||| |||| 00| 0 eng d
020 _a9966177001
040 _cKABU
050 _aLB2395
_b.K57 2014
100 _aKiplangat, Henry K.
245 _aSuccess handbook for students :
_ba guide to effective studying skills for success in examinations /
_cHenry K. Kiplangat & Paul M. Ombati
260 _aNakuru, Kenya
_bOracle House Publishers
_c2014
300 _avii, 82p.
650 _aStudy skills
700 _aOmbati, Paul M.
942 _2lcc
_cBK
999 _c20396
_d20395